000 00349nam a2200157Ia 4500
008 230605s2003 xx 000 0 und d
041 _aeng
100 _aKermally
245 _aThe Management Tookit
260 _bViva books Mumbai
_c2003
_c2003
300 _a210
365 _b156
_h20
500 _a308
520 _aGeneral
650 _aM.M.
999 _c417876
_d417876